Power balance in the consumption sphere reconsidering consmer protection organizations

Salvato in:
Dettagli Bibliografici
Autore principale: Sassatelli, Roberta
Natura: Libro
Lingua:inglese
Pubblicazione: San Domenico (FI) European University Institute 1995
Serie:EUI Working paper SPS No. 95/5
Soggetti:
Tags: Aggiungi Tag
Nessun Tag, puoi essere il primo ad aggiungerne!!

MARC

LEADER 00000nam a2200000 4500
001 c133752
005 20221123112642.4
041 0 |a eng 
044 |a IT 
245 1 0 |a Power balance in the consumption sphere  |b reconsidering consmer protection organizations  |c Roberta Sassatelli 
264 1 |a San Domenico (FI)  |b European University Institute  |c 1995 
300 |a 82 s. 
490 1 |a EUI Working paper SPS  |v No. 95/5 
830 0 |a EUI Working paper SPS  |v No. 95/5 
610 2 0 |a spoločnosť konzumná 
610 2 0 |a spotreba 
610 2 0 |a ochrana spotrebiteľa 
100 1 |a Sassatelli, Roberta